000 01353nam a22002895i 4500
001 167877
003 ES-MaACL
005 20250815062612.0
008 960520m18531856sp |||| | spa d
040 _aCLM
_bspa
_cCCPB | SIC
100 1 _aWeber, Georg,
_d1808-1888
_9133891
245 1 0 _aCompendio de la historia universal hasta 1852 /
_cescrito en aleman por Gr. Weber ; traducido de la quinta edición ... y aumentado ... por Julian Sanz del Rio.
260 _aMadrid :
_b[s.n.],
_c1853-1856 (
_fImprenta de Diaz y Compañía ...)
300 _a4 v. ;
_c21 cm.
505 8 _aContiene: Vol. I. Historia de la Edad Antigua (458 p.) -- vol. II. Historia de la Edad Media (XL, 439 p.) -- vol. III. Historia del Renacimiento (XLII, 528 p.) -- vol. IV. Historia de las Revoluciones (XXXVIII, 561 p.)
594 _aEn port. de los v. III y IV lleva el tit. de compendio doctrinal de la Historia Universal.
596 _aVols. III y IV por la Imprenta Nacional.
597 _aSignaturizados.
597 _aAnteps.
650 7 _aHistoria universal
_2embne
_913429
700 1 _aSanz del Río, Julián,
_d1814-1869
_9132463
852 _aES-MaACL
_jD-4116-18
_z-- Enc. hol.
_q-- Falto del t. IV
852 _aES-MaACL
_jG-11362-65
_z-- Enc. hol.
852 _aES-MaACL
_jD-2298-01
_z-- Enc. hol.
999 _c167877
_d167877